000
00252nam a22001097a 4500
082
_a
621.392 TRU'I
100
_a
TRURAL, J. G
_9
78606
245
_a
INTRODUCTORY SYSTEM ENGINEERING
260
_a
TOKYO
_b
MCGRAW HILL
_c
1972
300
_a
596P
942
_c
BK
999
_c
583716
_d
583716